000 00838nam a2200253 i 4500
001 7903
003 ES-MaACL
005 20230906145333.0
007 t|
008 910521s1989 sp ||||1| spa d
020 _a84-03-60068-2
080 _a72.033.5
100 1 _aGrodecki, Louis.
_960109
245 1 0 _aArquitectura gotica /
_cLouis Grodericki ; con la colaboracion de Anne Prache, Roland Recht.
260 _aMadrid :
_bAguilar/Asuri,
_ccop. 1989.
300 _a22 p., [24] p. de il. :
_bprincipalmente il. ;
_c25 cm.
490 1 _aHistoria universal de la arquitectura
650 1 4 _aArquitectura gótica.
_910027
700 1 _aPrache, Anne.
_993569
700 1 _aRecht, Roland.
_995757
830 0 _aHistoria universal de la arquitectura
_9177982
852 _aES-MaACL
_jL-15118
_bR.119470
_z. - cart.
999 _c7903
_d7903